000 00738nam a2200229 a 4500
001 57985
003 BD-RjUL
005 20211209080555.0
008 161212s1963 enk||||| |||| 001 0 eng d
035 _a(BD-RjUL)58109
040 _aBD-RjUL
_beng
_cBD-RjUL
041 _aeng
082 _223
_a301..72
_bWAS 1963
100 _a Warren, Roland L.
_9172216
245 _aSocial research consultation /
_ban experiment in health and welfare planning /
_c Roland L. Warren
260 _aNew York :
_bRussell Sage Foundation,
_cc1963.
300 _a163 p. ;
_c22 cm.
500 _aIncludes index
650 _a State Charities Aid Association (N.Y.)
_9172217
650 _aSocial sciences
_x Research.
_9171739
942 _2ddc
_cBK
999 _c57985
_d57985